Zależności między jednostkami pola - Statystyki

Ogólne statystyki
  • Ten quiz został rozwiązany 9 razy
  • Średni wynik to 9 z 19
Statystyki odpowiedzi
Jednostka do zamiany Jednostka Odpowiedz % Poprawnych
1 dm2 cm2 100 cm2
67%
1 m2 dm2 100 dm2
67%
1 cm2 mm2 100 mm2
67%
Napisz Siema Siema
67%
1 m2 mm2 1000000 mm2
50%
1 m2 cm2 10000 cm2
50%
1 dm2 mm2 10000 mm2
50%
1 ha a 100 a
50%
1 km 2 ha 100 ha
50%
1 a m2 100 m2
50%
1 ha cm2 100000000 cm2
33%
1 km2 dm2 100000000 dm2
33%
1 a mm2 100000000 mm2
33%
1 a cm2 1000000 cm2
33%
1 ha dm2 1000000 dm2
33%
1 km2 m2 1000000 m2
33%
1 km2 a 10000 a
33%
1 a dm2 10000 dm2
33%
1 ha m2 10000 m2
33%
Nie znaleziono quizów pasujących do podanych kryteriów
Rozkład punktacji
Procent ludzi z każdym wynikiem
Percentyl według liczby udzielonych odpowiedzi
Twoja historia wyników
Nie rozwiązałeś tego quizu